U.S. military communications : (Record no. 175895)
[ view plain ]
| 000 -LEADER | |
|---|---|
| fixed length control field | 01185 a2200241 4500 |
| 003 - CONTROL NUMBER IDENTIFIER | |
| control field | Nust |
| 005 - DATE AND TIME OF LATEST TRANSACTION | |
| control field | 20221006155239.0 |
| 010 ## - LIBRARY OF CONGRESS CONTROL NUMBER | |
| LC control number | 84023783 |
| 020 ## - INTERNATIONAL STANDARD BOOK NUMBER | |
| International Standard Book Number | 0881750166 |
| 040 ## - CATALOGING SOURCE | |
| Transcribing agency | Nust |
| 082 00 - DEWEY DECIMAL CLASSIFICATION NUMBER | |
| Classification number | 623.73,RIC |
| 100 1# - MAIN ENTRY--PERSONAL NAME | |
| Personal name | Ricci, Fred J., |
| 9 (RLIN) | 99352 |
| 245 10 - TITLE STATEMENT | |
| Title | U.S. military communications : |
| Remainder of title | a C3I force multiplier / |
| Statement of responsibility, etc. | Fred J. Ricci, Daniel Schutzer. |
| 260 ## - PUBLICATION, DISTRIBUTION, ETC. | |
| Place of publication, distribution, etc. | Rockville, MD : |
| Name of publisher, distributor, etc. | Computer Science Press, |
| Date of publication, distribution, etc. | c1986. |
| 300 ## - PHYSICAL DESCRIPTION | |
| Extent | xvii, 263 p. : |
| Other physical details | ill. ; |
| Dimensions | 24 cm. |
| 440 #0 - SERIES STATEMENT/ADDED ENTRY--TITLE | |
| Title | Electrical engineering communications and signal processing |
| 9 (RLIN) | 99353 |
| 505 ## - FORMATTED CONTENTS NOTE | |
| Formatted contents note | Introduction (Page-1), Requirements For Military Comm. (Page-5), US/NATO Systems (Page-39), Army, Navy, Air Force Comm. Sys (Page-56), Satellite Comm./Control (Page-92), Unified Comm. Information Framework (Page-151), C3I Military Expd. And The Defense Industrial Base (Page-176), Future Technologies Opportunities (Page-194). |
| 610 20 - SUBJECT ADDED ENTRY--CORPORATE NAME | |
| Corporate name or jurisdiction name as entry element | North Atlantic Treaty Organization |
| General subdivision | Armed Forces |
| -- | Communication systems. |
| 9 (RLIN) | 99354 |
| 650 #0 - SUBJECT ADDED ENTRY--TOPICAL TERM | |
| Topical term or geographic name entry element | Military telecommunication. |
| 9 (RLIN) | 99355 |
| 651 #0 - SUBJECT ADDED ENTRY--GEOGRAPHIC NAME | |
| Geographic name | United States |
| General subdivision | Armed Forces |
| -- | Communication systems. |
| 9 (RLIN) | 99356 |
| 700 1# - ADDED ENTRY--PERSONAL NAME | |
| Personal name | Schutzer, Daniel, |
| Dates associated with a name | 1940- |
| 9 (RLIN) | 99357 |
| 942 ## - ADDED ENTRY ELEMENTS (KOHA) | |
| Koha item type | Reference |
| Source of classification or shelving scheme | |
| Withdrawn status | Lost status | Source of classification or shelving scheme | Damaged status | Not for loan | Permanent Location | Current Location | Shelving location | Date acquired | Full call number | Barcode | Date last seen | Price effective from | Koha item type | Public note |
|---|---|---|---|---|---|---|---|---|---|---|---|---|---|---|
| Military College of Signals (MCS) | Military College of Signals (MCS) | Reference | 12/12/2016 | 623.73,RIC | MCS21299 | 12/08/2016 | 12/12/2016 | Reference | Almirah No.24, Shelf No.1 |
